000 00330 a2200133 4500
000 nam a22 7a 4500
100 _aMcluhan
110 _aMcluhan
245 _aEncyclopedia of forensic science
250 _aLatest edition
260 _bbrilliance publishing
_c2027
264 _bbrilliance publishing
_c2027
942 _cBK
999 _c394395
_d394395